[Event "CAN-ch U10"]
[Site "Kapuskasing"]
[Date "2004.07.07"]
[Round "4"]
[White "Zubac, Michael"]
[Black "Sanderson, Tyler"]
[Result "1-0"]
[WhiteElo "1134"]
[BlackElo "747"]
[PlyCount "81"]
[EventDate "2004.07.06"]
[EventType "swiss"]
[EventRounds "7"]
[EventCountry "CAN"]
[SourceTitle "EXT 2006"]
[Source "ChessBase"]
[SourceDate "2005.11.24"]
[SourceVersion "1"]
[SourceVersionDate "2005.11.24"]
[SourceQuality "1"]

1. e4 e5 2. Nf3 Nc6 3. Bb5 Bd6 4. 0-0 Nf6 5. Nc3 a6 6. Bxc6 dxc6 7. d4 Nd7 8. dxe5 Bxe5 9. Nxe5 Nxe5 10. Qxd8+ Kxd8 11. Bf4 f6 12. Rad1+ Bd7 13. b3 Kc8 14. Rd2 Rd8 15. Rfd1 g5 16. Bg3 Nf7 17. Na4 Bg4 18. Rxd8+ Nxd8 19. f3 Be6 20. Nc5 Bf7 21. Rd7 Ne6 22. Rxf7 Nxc5 23. Rxc7+ Kb8 24. Rxc6+ Ka7 25. Rxc5 Rd8 26. Rd5 Rxd5 27. exd5 Kb6 28. Kf2 f5 29. Be5 Kc5 30. d6 Kc6 31. c4 b5 32. c5 a5 33. Bf6 g4 34. f4 h5 35. Kg3 a4 36. b4 a3 37. Kh4 Kd7 38. Kxh5 Ke6 39. Be5 Kd7 40. Kg5 Ke6 41. h4 1-0

[Event "CAN-ch U10"]
[Site "Kapuskasing"]
[Date "2004.07.06"]
[Round "2"]
[White "Sanderson, Tyler"]
[Black "Gusev, Nikita"]
[Result "0-1"]
[WhiteElo "747"]
[BlackElo "1534"]
[PlyCount "106"]
[EventDate "2004.07.06"]
[EventType "swiss"]
[EventRounds "7"]
[EventCountry "CAN"]
[SourceTitle "EXT 2006"]
[Source "ChessBase"]
[SourceDate "2005.11.24"]
[SourceVersion "1"]
[SourceVersionDate "2005.11.24"]
[SourceQuality "1"]

1. e4 c5 2. d4 cxd4 3. c3 dxc3 4. Nxc3 d6 5. Qa4+ Bd7 6. Bb5 Nc6 7. Bxc6 Bxc6 8. Qb4 e6 9. Nf3 d5 10. Qd4 dxe4 11. Qxd8+ Rxd8 12. Ng5 Nf6 13. f3 exf3 14. Nxf3 Bb4 15. Bg5 Bxf3 16. gxf3 Bxc3+ 17. bxc3 Rd3 18. 0-0 Rxc3 19. Rac1 Rxc1 20. Rxc1 0-0 21. Bxf6 gxf6 22. Rc7 Rd8 23. Rxb7 Rd1+ 24. Kg2 Rd2+ 25. Kg3 Rxa2 26. Rb8+ Kg7 27. h4 Ra1 28. f4 a5 29. Ra8 a4 30. Kg4 Kh6 31. f5 e5 32. Ra7 Kg7 33. Kf3 a3 34. Ke3 a2 35. Kd2 Rh1 36. Kc2 a1Q 37. Rxa1 Rxa1 38. h5 Kh6 39. Kd3 Kxh5 40. Ke4 Kg5 41. Kd5 Kxf5 42. Kc4 Ke4 43. Kc5 Ra6 44. Kb5 Kd5 45. Kxa6 e4 46. Kb7 e3 47. Kc8 e2 48. Kd8 Kd6 49. Ke8 Ke6 50. Kf8 e1Q 51. Kg7 Qg3+ 52. Kxh7 Ke7 53. Kh6 Qg6# 0-1